000 01884nam0a2200361 4500
001 RU\NLR\bibl\34084
005 20260407073516.0
010 _a5-282-01935-3
_910000
021 _aRU
_b99-11194
_9538
035 _a(NLR Aleph) 000033211
090 _a168085
_c168085
100 _a19990621d1999 |||y0rusy50 ca
101 0 _arus
102 _aRU
105 _a|||||||||||||
200 1 _aНастольная книга государственного служащего
_eКоммент. к Федер. закону "Об основах гос. службы Рос. Федерации"
_fРос. акад. гос. службы при Президенте РФ
_g[Александрова З.О. и др.]
_gОтв. ред. проф. Шкатулла В.И.
210 _aМ.
_cЭкономика
_d1999
215 _a679 с.
_d22
320 _aБиблиогр. в подстроч. примеч.
606 0 _aГосударственная служба
_jЗаконы, постановления и т.п.
_jКомментарии
_yРоссийская Федерация
_92077886
_3RU\NLR\auth\661253643
606 0 _aГосударственная служба
_jЗаконодательные материалы
_jКомментарии
_yРоссийская Федерация
_92077886
_3RU\NLR\auth\661253643
686 _aХ621.02-39(2Р)
702 1 _aАлександрова
_bЗ. О.
_gЗоя Олеговна
_4220
702 1 _4340
_8rus
_7ca
_aШкатулла
_bВ. И.
_gВладимир Иванович
_3RU\NLR\auth\778020
_9117941
741 1 _aРоссийская Федерация
_tЗаконы
_3RU\NLR\AUTH\883331
_9277893
801 0 _aRU
_bNLR
_c19990621
_gPSBO
801 1 _aRU
_bNLR
_c19990621
830 _aСост. и ред. раскрыты по кн.
852 _aNLR
_j99-5/1447
942 _cBOOK
980 _aNB